000 00852nmm a2200313 a 4500
003 AR-BaBNM
005 20251128203909.0
008 028119s1979 ||||||||||||||000 | spa||
020 _a92-3-301525-4
040 _cAR-BaBNM
110 2 _aUNESCO
245 1 0 _aIdeas para la acción
_bla Unesco frente a los problemas de hoy y al acto del mañana
250 _a1ª ed.
260 _aParís
_bUNESCO
_c1979
300 0 _a392 p.
650 4 _aDERECHOS HUMANOS
650 4 _aDERECHO INTERNACIONAL
650 4 _aPAZ
650 4 _aANALISIS ECONOMICO
650 4 _aDIFUSION DE LA CULTURA
650 4 _aCIENCIA Y TECNOLOGIA
650 4 _aADMINISTRACION DE LA EDUCACION
650 4 _aEDUCACION DE ADULTOS
650 4 _aALFABETIZACION
650 4 _aDIFUSION DE LA CULTURA
650 4 _aPROBLEMAS SOCIALES
942 _cBK
998 _cCarmen
999 _c5385
_d5385